00885cam a22002657a 450000500170000000800410001701000100005801100100006803500100007808200150008810000340010324500510013726000310018830000260021959000410024559000410028659000410032759000420036865000530041065000390046365000290050290100070053194900640053899900170060220220329141151.0971010s1988 r 00010 d a63729 a64701 a70770 a637.11bV300aVanden Berg, J. C. F.9117849 0aDairy technology in the tropics and subtropics aWageningen :bPUDOC,c1988 axiiie+290 p.b: ilus aBATCH-UPDb10c20130110lUCH01h0728 aBATCH-UPDb10c20130410lUCH01h0411 aBATCH-UPDb10c20130914lUCH01h1500 aCONVERSIONb10c20130109lUCH01h133414aGanaderíaxInnovaciones tecnológicas.94475514aGanado lecheroxTrópicos.94530314aGranjas lecheras.950407 aBK a637.11 V3bZcLIBROd-3156eLIBROgI.153550h1082i70770si c63729d63729